<?xml version="1.0" encoding="UTF-8"?>
<collection xmlns="http://www.loc.gov/MARC21/slim">
    <record>
        <controlfield tag="001">85875</controlfield>
        <controlfield tag="005">20191119144728.0</controlfield>
        <datafield tag="037" ind1=" " ind2=" ">
            <subfield code="a">TAZ-TFG-2019-283</subfield>
        </datafield>
        <datafield tag="041" ind1=" " ind2=" ">
            <subfield code="a">spa</subfield>
        </datafield>
        <datafield tag="100" ind1="1" ind2=" ">
            <subfield code="a">Pérez Rubio, Paula</subfield>
        </datafield>
        <datafield tag="242" ind1="0" ind2="0">
            <subfield code="a">Fresh Start: the debtor in good faith.</subfield>
        </datafield>
        <datafield tag="245" ind1="0" ind2="0">
            <subfield code="a">El beneficio de exoneración del pasivo insatisfecho: el deudor de buena fe.</subfield>
        </datafield>
        <datafield tag="260" ind1=" " ind2=" ">
            <subfield code="a">Zaragoza</subfield>
            <subfield code="b">Universidad de Zaragoza</subfield>
            <subfield code="c">2019</subfield>
        </datafield>
        <datafield tag="500" ind1=" " ind2=" ">
            <subfield code="a">Resumen disponible también en inglés</subfield>
        </datafield>
        <datafield tag="506" ind1=" " ind2=" ">
            <subfield code="a">by-nc-sa</subfield>
            <subfield code="b">Creative Commons</subfield>
            <subfield code="c">3.0</subfield>
            <subfield code="u">http://creativecommons.org/licenses/by-nc-sa/3.0/</subfield>
        </datafield>
        <datafield tag="520" ind1=" " ind2=" ">
            <subfield code="a">El presente trabajo trata de mostrar de la forma más clara posible en qué consiste el beneficio de exoneración del pasivo insatisfecho, qué personas pueden acceder a él y qué requisitos deben cumplir para que les pueda ser concedido. El objetivo es tratar de ordenar y explicar parte del contenido de esta regulación –la referente a los requisitos de acceso- de forma que toda persona, aunque no posea grandes conocimientos sobre Derecho Concursal, pueda hacerse una idea de si en su caso concreto se dan las condiciones para poder obtener esta segunda oportunidad.  Para ello, el trabajo comienza con una primera aproximación a esta figura, tratando de explicar en qué consiste y qué repercusiones tiene para todos los agentes implicados: deudores, acreedores y la sociedad en general; continúa explicando qué personas pueden acceder a este beneficio, detallando los presupuestos necesarios para su solicitud; y finaliza explicando cada uno de los requisitos que se exigen al deudor para que pueda ser considerado de buena fe y, por tanto, poder acceder al beneficio, mostrando todas las interpretaciones que todavía se siguen haciendo sobre este precepto y sus consecuencias prácticas para los deudores.</subfield>
        </datafield>
        <datafield tag="521" ind1=" " ind2=" ">
            <subfield code="a">Programa conjunto en ADE/DERECHO (Grados)</subfield>
        </datafield>
        <datafield tag="540" ind1=" " ind2=" ">
            <subfield code="a">Derechos regulados por licencia Creative Commons</subfield>
        </datafield>
        <datafield tag="700" ind1=" " ind2=" ">
            <subfield code="a">Moralejo Menéndez, Ignacio</subfield>
            <subfield code="e">dir.</subfield>
        </datafield>
        <datafield tag="710" ind1="2" ind2=" ">
            <subfield code="a">Universidad de Zaragoza</subfield>
            <subfield code="b">Derecho de la Empresa</subfield>
            <subfield code="c"></subfield>
        </datafield>
        <datafield tag="856" ind1="0" ind2=" ">
            <subfield code="f">681420@celes.unizar.es</subfield>
        </datafield>
        <datafield tag="856" ind1="4" ind2=" ">
            <subfield code="s">852486</subfield>
            <subfield code="u">http://zaguan.unizar.es/record/85875/files/TAZ-TFG-2019-283.pdf</subfield>
            <subfield code="y">Memoria (spa)</subfield>
        </datafield>
        <datafield tag="909" ind1="C" ind2="O">
            <subfield code="o">oai:zaguan.unizar.es:85875</subfield>
            <subfield code="p">driver</subfield>
            <subfield code="p">trabajos-fin-grado</subfield>
        </datafield>
        <datafield tag="950" ind1=" " ind2=" ">
            <subfield code="a"></subfield>
        </datafield>
        <datafield tag="951" ind1=" " ind2=" ">
            <subfield code="a">deposita:2019-11-19</subfield>
        </datafield>
        <datafield tag="980" ind1=" " ind2=" ">
            <subfield code="a">TAZ</subfield>
            <subfield code="b">TFG</subfield>
            <subfield code="c">ECON</subfield>
        </datafield>
        <datafield tag="999" ind1=" " ind2=" ">
            <subfield code="a">20190218161417.CREATION_DATE</subfield>
        </datafield>
    </record>

    
</collection>